| 000 | 01270nam a2200337 a 4500 | ||
|---|---|---|---|
| 001 | 000110055 | ||
| 003 | CHAP | ||
| 005 | 20250913062744.0 | ||
| 008 | 140626s2014 mx sm |||||||spa d | ||
| 010 | _a106517 | ||
| 011 | _a107489 | ||
| 040 | _cCHAP | ||
| 090 | _aTesis | ||
| 100 | 1 |
_aPablo Baldomero, Jorge _9127456 |
|
| 245 | 1 | 0 |
_aDiseño de un implemento integral para labranza postcosecha en caña de azúcar (saccharum officinarum) _h[En línea] _cpor Jorge Pablo Baldomero. |
| 260 |
_aChapingo, Méx. : _bEl autor, _c2014. |
||
| 500 | _aPara ver el contenido del material haga clic en la liga | ||
| 502 | _aTesis (Ing. Agr. Esp. en Mecánico Agrícola) -- UACH. Departamento de Ingeniería Mecánica Agícola | ||
| 590 |
_aBATCH-UPD _b10 _c20141002 _lUCH01 _h0905 |
||
| 590 |
_aE11695DGD _b10 _c20140721 _lUCH01 _h0819 |
||
| 590 |
_aE5765TAJ _b05 _c20140626 _lUCH01 _h1135 |
||
| 590 |
_aE5765TAJ _b05 _c20140626 _lUCH01 _h1136 |
||
| 650 | 1 | 4 |
_aCaña de azúcar _xCosecha. _918591 |
| 650 | 1 | 4 |
_aImplementos agrícolas. _957480 |
| 650 | 1 | 7 |
_aLabranza _xEfecto en suelos _2 _964305 |
| 650 | 1 | 4 |
_aMaquinaria agrícola _xDiseño. _971168 |
| 856 |
_aFinding aid _uhttp://10.13.5.2/tesis/sist110055.pdf _zTeclea aquí |
||
| 901 | _aBK | ||
| 942 | _cTESIS | ||
| 942 | _n0 | ||
| 999 |
_c106517 _d106517 |
||